000 00237nam a2200097Ia 4500
008 220120s9999||||xx |||||||||||||| ||und||
100 _aBagad, M. R
_911566
245 0 _aMicrowave and radar engineering
300 _b0
650 _aCHEMISTRY
999 _c136845
_d136845